00520nam a2200193 a 4500001001300000003000900013005001700022008004100039020002600080082001700106100002400123245002300147260003100170300000900201500003500210505002400245650003300269700002400302nice12345678IN_TiNIC20260116014735.0050524s1992 newa grp 000 0 eng  a038580X c781.5500a510.092bPOU aPoundstone, William aPrisoner`s Dilemma aNew YorkbDoubleday c1992 a294p aincludes index and biblioraphy2 aBibliography, Index aBiography-Mathematicians-Usa1 aPoundstone, William